The World's railways : (Record no. 192500)

MARC details
000 -LEADER
campo de control de longitud fija 00908nam a2200253 i 4500
001 - NÚMERO DE CONTROL
campo de control 192500
003 - IDENTIFICADOR DE NÚMERO DE CONTROL
campo de control ES-MaACL
005 - FECHA Y HORA DE LA ÚLTIMA TRANSACCIÓN
campo de control 20240127063020.0
008 - DATOS DE LONGITUD FIJA--INFORMACIÓN GENERAL
campo de control de longitud fija 230120s2001 enka 001 0 eng
020 ## - NÚMERO INTERNACIONAL ESTÁNDAR DEL LIBRO
Número Internacional Estándar del Libro 1853614874
040 ## - FUENTE DE CATALOGACIÓN
Centro/agencia transcriptor ES-MaACL
080 ## - NÚMERO DE LA CLASIFICACIÓN DECIMAL UNIVERSAL
Número de la Clasificación Decimal Universal 629.4
100 ## - ENTRADA PRINCIPAL--NOMBRE DE PERSONA
Nombre de persona Chant, Christopher
9 (RLIN) 176263
Término indicativo de función/relación Autor
245 14 - MENCIÓN DEL TÍTULO
Título The World's railways :
Resto del título the history and development of rail transport /
Mención de responsabilidad, etc. Christopher Chant ; edited by John Moore.
260 ## - PUBLICACIÓN, DISTRIBUCIÓN, ETC.
Lugar de publicación, distribución, etc. [Isle of Anglesey :
Nombre del editor, distribuidor, etc. Regency House Publishing,
Fecha de publicación, distribución, etc. 2001]
300 ## - DESCRIPCIÓN FÍSICA
Extensión 447 páginas :
Otras características físicas ilustraciones (blanco y negro y color) ;
Dimensiones 18 x 23 cm
500 ## - NOTA GENERAL
Nota general Índice
650 #4 - PUNTO DE ACCESO ADICIONAL DE MATERIA--TÉRMINO DE MATERIA
9 (RLIN) 145436
Término de materia o nombre geográfico como elemento de entrada Trenes
700 0# - ENTRADA AGREGADA--NOMBRE PERSONAL
9 (RLIN) 82819
Nombre de persona Moore, John
Término indicativo de función/relación Editor literario
852 ## - LOCALIZACIÓN
Ubicación ES-MaACL
itemnumber 199794
Sublocalización o colección R.152150
Número de control de estantería N-8103
Ubicación en estantería Depósito J
Donativo/Legado Donación: Editorial
Encuadernación Encuadernación: cartoné
942 ## - ELEMENTOS DE ENTRADA SECUNDARIOS (KOHA)
Tipo de ítem Koha Libro impreso
Suprimir en OPAC No
Holdings
Estatus retirado Estado de pérdida Fuente del sistema de clasificación o colocación Estado de daño No para préstamo Biblioteca de origen Biblioteca actual Ubicación en estantería Fecha de adquisición Fuente de adquisición Total de préstamos Signatura topográfica completa Código de barras Visto por última vez Tipo de ítem Koha
    Clasificación decimal universal     Biblioteca del Ateneo de Madrid Biblioteca del Ateneo de Madrid Depósito J 20/01/2023 Donación   N-8103 101206386 23/02/2023 Libro impreso